Orígenes del movimiento obrero en el siglo XIX: periodo de formación 1820-1880
Uloženo v:
| Médium: | Kniha |
|---|---|
| Jazyk: | španělština |
| Vydáno: |
Santiago, Chile
Centro de Estudios del Trabajo CETRA-CEM
1983
|
| Edice: | Cuadernos de Historia Popular. Serie Historia del Movimiento Obrero,
2 |
| Témata: | |
| Tagy: |
Přidat tag
Žádné tagy, Buďte první, kdo vytvoří štítek k tomuto záznamu!
|
MARC
| LEADER | 00000nam a2200000 a 4500 | ||
|---|---|---|---|
| 001 | UCX2431 | ||
| 003 | CL-VaPUC | ||
| 005 | 20200703122657.0 | ||
| 008 | 910514e19830000CL |||||||||||||||||spa|d | ||
| 999 | |c 223455 |d 223453 | ||
| 040 | |c Pontificia Universidad Católica de Valparaíso | ||
| 082 | 0 | 4 | |a 322.2 ORI 1983 |2 21 |
| 245 | 1 | 0 | |a Orígenes del movimiento obrero en el siglo XIX: |b periodo de formación 1820-1880 |
| 260 | |a Santiago, Chile |b Centro de Estudios del Trabajo CETRA-CEM |c 1983 | ||
| 300 | |a 28 páginas | ||
| 490 | 0 | |a Cuadernos de Historia Popular. Serie Historia del Movimiento Obrero, |v 2 | |
| 583 | |a last modification |c 19910514 00:00:00 |k Rodrigo Vera | ||
| 650 | 7 | |a TRABAJO Y EMPLEO |2 CL-VaPUC |9 318362 |x HISTORIA SOCIAL |z CHILE |y SIGLO 19 | |
| 650 | 7 | |a TRABAJADORES |x MOVIMIENTO OBRERO |z CHILE |9 856666 |y SIGLO 19 | |
| 852 | |a BIBCUR | ||
| 942 | |c BK |2 ddc | ||
| 945 | |d 19910514 00:00:00 | ||
| 952 | |0 0 |1 0 |2 ddc |4 0 |6 322_200000000000000_ORI_1983 |7 0 |8 A |9 219241 |a BIBHIS |b BIBHIS |d 2019-11-15 |i 288013K |o 322.2 ORI 1983 |p 288013K |r 2025-01-20 |t 1 |w 2019-11-15 |y BK |k HIS | ||